Web technologies (Record no. 5617)

MARC details
000 -LEADER
fixed length control field 00291nam a2200121Ia 4500
008 - FIXED-LENGTH DATA ELEMENTS--GENERAL INFORMATION
fixed length control field 150201s2013 xx 000 0 und d
082 ## - DEWEY DECIMAL CLASSIFICATION NUMBER
Classification number 6.7
Item number BLA
100 ## - MAIN ENTRY--PERSONAL NAME
Personal name Black Book
245 ## - TITLE STATEMENT
Title Web technologies
260 ## - PUBLICATION, DISTRIBUTION, ETC. (IMPRINT)
Name of publisher, distributor, etc. Dreamtech Press
Place of publication, distribution, etc. New Delhi
Date of publication, distribution, etc. 2013
300 ## - PHYSICAL DESCRIPTION
Extent 1354p.
942 ## - ADDED ENTRY ELEMENTS (KOHA)
Source of classification or shelving scheme Dewey Decimal Classification
Koha item type Books
Koha issues (borrowed), all copies 13
Holdings
Withdrawn status Lost status Source of classification or shelving scheme Damaged status Not for loan Home library Current library Date acquired SGTU Total Checkouts Total Renewals Full call number Barcode Date last seen Date last checked out Bill Date Koha item type
    Dewey Decimal Classification     SGT Engineering Library SGT Engineering Library 31/05/2013 SGTU 9 2 6.7 BLA FE6167 05/12/2024 20/11/2024 09/02/2015 Books
    Dewey Decimal Classification     SGT Engineering Library SGT Engineering Library 31/05/2013 SGTU 7   6.7 BLA FE6168 05/12/2025 03/12/2025 09/02/2015 Books